| 000 | 00417nam a2200181Ia 4500 | ||
|---|---|---|---|
| 008 | 090122s9999 xx 000 0 und d | ||
| 082 |
_b1345 _a330.124 |
||
| 100 |
_aS _bC _cKuchal |
||
| 245 | _aFinancial Management | ||
| 260 |
_bCHAITANYA PUBLISHING _c1969 |
||
| 300 | _a518 | ||
| 501 | _a-- | ||
| 600 | _aS | ||
| 630 | _aFinancial Management | ||
| 700 | _aS | ||
| 730 | _aFinancial Management | ||
| 942 | _cBOOK | ||
| 999 |
_c25423 _d25423 |
||